| 000 | 00509nam a2200193 a 4500 | ||
|---|---|---|---|
| 001 | 1983 | ||
| 005 | 20140414131911.0 | ||
| 008 | 040110s19uu xx 00 eng d | ||
| 020 | _a0-7853-2834-3 | ||
| 050 |
_aER _bD19 1998 |
||
| 100 | _aBrill, Marlene Targ | ||
| 245 |
_aDaniel in the Lion's Den / _cMarlene Targ Brill. |
||
| 260 |
_aChina : _bPublication International, _c1998. |
||
| 300 | _ap. ; cm. | ||
| 650 | _aBible stories. | ||
| 650 | _aChildren stories. | ||
| 999 |
_c111243 _d111243 |
||